LEADER 01481nam--2200457---450- 001 990001005380203316 005 20050519143948.0 010 $a88-86187-01-7 035 $a0100538 035 $aUSA010100538 035 $a(ALEPH)000100538USA01 035 $a0100538 100 $a20020228d1992----km-y0itay0103----ba 101 $aita 102 $aIT 105 $a||||||||001yy 200 1 $a<> lungo viaggio$esanti e santini$euna letteratura religiosa dell'avventura umana$fCarlo Turrisi$gprefazione Elisabetta Gulli e Vittorio Pranzini, Guglielmo Lützenkirchen 210 $aManduria$cBarbieri$d1992 215 $a357 p.$cill.$d22 cm 225 2 $aCataloghi$v2 410 $12001$aCataloghi$v2 461 1$1001-------$12001 606 0 $aImmagini sacre$xCataloghi 676 $a246.53 700 1$aTURRISI,$bCarmelo$0144255 702 1$aGULLI,$bElisabetta 702 1$aPRANZINI,$bVittorio 702 01$aLÜTZENKIRCHE,$bGuglielmo 801 0$aIT$bsalbc$gISBD 912 $a990001005380203316 951 $aII.2.Coll.31/1(XIV COLL 116/2)$b123814 LM$cXIV COLL 951 $aII.2.Coll.31/1a(XIV COLL 116/2BIS)$b130037 LM$cXIV COLL 959 $aBK 969 $aUMA 979 $aPATTY$b90$c20020228$lUSA01$h1338 979 $c20020403$lUSA01$h1742 979 $aPATRY$b90$c20040406$lUSA01$h1709 979 $aCOPAT7$b90$c20050519$lUSA01$h1438 979 $aCOPAT7$b90$c20050519$lUSA01$h1439 996 $aLungo viaggio$9212287 997 $aUNISA LEADER 01137nam 2200409 450 001 9910810735103321 005 20200127101918.0 010 $a2-87106-890-9 010 $a2-39001-051-2 035 $a(CKB)3710000001087036 035 $a(Au-PeEL)EBL4813727 035 $a(CaPaEBR)ebr11353439 035 $a(OCoLC)975222394 035 $a(MiAaPQ)EBC4813727 035 $a(PPN)187315817 035 $a(EXLCZ)993710000001087036 100 $a20200127d2017 uy 0 101 0 $afre 135 $aurcnu|||||||| 181 $ctxt$2rdacontent 182 $cc$2rdamedia 183 $acr$2rdacarrier 200 10$aHistoire de l'empire parthe (-250 - 227) /$fAndre Verstandig 210 1$aBelgium :$cLe Cri Edition,$d2017. 215 $a1 online resource (306 pages) 311 $a2-87106-279-X 606 $aParthians 615 0$aParthians. 676 $a395.060922 700 $aVerstandig$b Andre?$f1969-$01699480 801 0$bMiAaPQ 801 1$bMiAaPQ 801 2$bMiAaPQ 906 $aBOOK 912 $a9910810735103321 996 $aHistoire de l'empire parthe (-250 - 227)$94081759 997 $aUNINA